书目信息 |
| 题名: |
教育统计学
|
|
| 作者: | 王孝玲 , 赵必华 编著 | |
| 分册: | ||
| 出版信息: | 北京 北京师范大学出版社 2018 |
|
| 页数: | 213页 | |
| 开本: | 23cm | |
| 丛书名: | 新世纪高等学校教材 | |
| 单 册: | ||
| 中图分类: | G40-051 | |
| 科图分类: | ||
| 主题词: | 教育统计--jiao yu tong ji--统计学--高等学校--教材 | |
| 电子资源: | ||
| ISBN: | 978-7-303-09162-1 | |
| 000 | 00871nam 2200265 45 | |
| 001 | 012001001048 | |
| 005 | 20131025183254.0 | |
| 010 | @a978-7-303-09162-1@dCNY26.00 | |
| 099 | @aCAL 012008072774 | |
| 100 | @a20080507d2008 ekmy0chiy50 ea | |
| 101 | 0 | @achi |
| 102 | @aCN@b110000 | |
| 105 | @aak z 000yy | |
| 106 | @ar | |
| 200 | 1 | @a教育统计学@Ajiao yu tong ji xue@f王孝玲, 赵必华编著 |
| 210 | @a北京@c北京师范大学出版社@d2018 | |
| 215 | @a213页@c图@d23cm | |
| 225 | 2 | @a新世纪高等学校教材@Axin shi ji gao deng xue xiao jiao cai@i教育基础课系列教材 |
| 410 | 0 | @12001@a新世纪高等学校教材@i教育基础课系列教材 |
| 606 | 0 | @a教育统计@Ajiao yu tong ji@x统计学@x高等学校@j教材 |
| 690 | @aG40-051@v4 | |
| 701 | 0 | @a王孝玲@Awang xiao ling@4编著 |
| 701 | 0 | @a赵必华@Azhao bi hua@4编著 |
| 801 | 2 | @aCN@b上海新华@c20191020 |
| 905 | @b1222338-41@dG40-051@e1059@f4 | |
| 教育统计学/王孝玲, 赵必华编著.-北京:北京师范大学出版社,2018 |
| 213页:图;23cm.-(新世纪高等学校教材.教育基础课系列教材) |
| ISBN 978-7-303-09162-1:CNY26.00 |
| ● |
| 相关链接 |
|
|
|
|
正题名:教育统计学
索取号:G40-051/1059
 
预约/预借
| 序号 | 登录号 | 条形码 | 馆藏地/架位号 | 状态 | 备注 |
| 1 | 1222338 | 212223388 | 第一样本阅览室/ [索取号:G40-051/1059] | 在馆 | |
| 2 | 1222339 | 212223397 | 教育系资料室/ [索取号:G40-051/1059] | 在馆 | |
| 3 | 1222340 | 212223404 | 教育系资料室/ [索取号:G40-051/1059] | 在馆 | |
| 4 | 1222341 | 212223413 | 第四借阅区/ [索取号:G40-051/1059] | 在馆 |